Wrestlers by Picture 23: The nWo - Statistics

General Stats
  • This quiz has been taken 76 times
  • The average score is 13 of 16
Answer Stats
Picture Answer % Correct
Scott Hall
100%
"Hollywood" Hulk Hogan
99%
Kevin Nash
99%
Randy Savage
99%
The Giant
94%
Scott Steiner
93%
Eric Bischoff
91%
Syxx
90%
Curt Hennig
87%
Vincent
75%
Buff Bagwell
72%
Dennis Rodman
65%
Konnan
59%
Stevie Ray
54%
Scott Norton
41%
Brian Adams
40%
No matching quizzes found
Score Distribution
Percent of People with Each Score
Percentile by Number Answered
Your Score History
You have not taken this quiz